000 01085nam a22002897a 4500
001 BD-DhSAU 8849
003 BD-DhSAU
005 20181212095241.0
008 150420b2017 bg ||||| m||| 00| 0 eng d
040 _aBD-DhSAU
082 _222
_a635
_bL142
100 _eRegistration # 10-03967
_a Laila , Bodrun
245 _aPerformance of Brinjal varieties under Pestexclusion net /
_bMS thesis
_c Laila , Bodrun
260 _aSher-e-Bangla Agricultural University :
_bDepartment of Horticulture,
_c2017
300 _axi,73 p. :
_c30 cm.
_bill. ;
500 _aMS thesis of Department of Horticulture, Faculty of Agriculture, Sher-e-Bangla Agricultural University, Dhaka
504 _aIncludes bibliographical reference.
590 _aShofi
650 _aHorticulture
650 _aPerformance
650 _aBrinjal varieties
650 _aPest exclusion net
700 _aUddin , A.F.M. Jamal
_eSuperviser
700 _a Mostarin , Tahmina
_eCo-superviser
856 _uhttp://archive.saulibrary.edu.bd:8080/xmlui/handle/123456789/96
_yOnline Access
942 _2ddc
_cTHESIS
999 _c14397
_d14396